000
00317nam a22001457a 4500
003
OSt
008
240131b |||||||| |||| 00| 0 eng d
020
_a
9781787461031
100
_a
WODEHOUSE,PG
245
_a
Right ho Jeeves
250
_a
1st Ed
260
_a
UK
_b
Penguin
_c
2022
300
_a
294
942
_2
ddc
_c
REF
999
_c
12215
_d
12215